Курс теоретической физики. Классическая механика. Основы специальной теории относительности. Релятивистская механика: учебное пособие для студентов физико-маткматических факультетов педагогических ин-т

書誌詳細
第一著者: Мултановский В. В. Вячеслав Всеволодович
言語:ロシア語
出版事項: Москва, Просвещение, 1988
シリーズ:Учебное пособие для педагогических институтов
主題:
フォーマット: 図書
KOHA link:https://koha.lib.tpu.ru/cgi-bin/koha/opac-detail.pl?biblionumber=262381

MARC

LEADER 00000nam0a2200000 4500
001 262381
005 20231101233640.0
010 |a 5090006253 
020 |a RU  |b 88-49678 
035 |a (RuTPU)RU\TPU\book\285364 
090 |a 262381 
100 |a 20140531d1988 k y0rusy5003 ca 
101 0 |a rus 
102 |a RU 
105 |a a j 000zy 
200 1 |a Курс теоретической физики. Классическая механика. Основы специальной теории относительности. Релятивистская механика  |e учебное пособие для студентов физико-маткматических факультетов педагогических ин-т  |f В. В. Мултановский 
210 |a Москва  |c Просвещение  |d 1988 
215 |a 303,[1] с.  |c ил. 
225 1 |a Учебное пособие для педагогических институтов 
606 1 |a Физика теоретическая  |2 stltpush  |3 (RuTPU)RU\TPU\subj\63728  |9 80703 
610 1 |a физика 
610 1 |a картина мира 
610 1 |a физические законы 
610 1 |a механика 
610 1 |a динамика 
610 1 |a материальная точка 
610 1 |a уравнения 
610 1 |a твердые тела 
610 1 |a движение 
610 1 |a теория относительности 
610 1 |a релятивистская динамика 
610 1 |a релятивистская механика 
610 1 |a энергия 
610 1 |a импульсы 
610 1 |a учебные пособия 
675 |a 530.1(075.8)  |z rus  |v 3 
700 1 |a Мултановский  |b В. В.  |g Вячеслав Всеволодович  |4 070 
801 0 |a RU  |b RuMRKP  |c 19950417  |g psbo 
801 1 |a RU  |b 63413507  |c 20140531 
801 2 |a RU  |b 63413507  |c 20200828  |g RCR 
942 |c BK